Hernán Cortés y el derecho internacional en el siglo XVI /

Guardado en:
書目詳細資料
主要作者: Esquivel Obregón, Toribio (autor)
其他作者: Zavala, Silvio (autor) (autor)
格式: 圖書
語言:西班牙语
出版: México : Porrúa, 1985, c1985
版:2a edición
主題:
標簽: 添加標簽
沒有標簽, 成為第一個標記此記錄!

MARC

LEADER 00000nam^a2200000^a^4500
001 000097078
005 20250521000000.0
009 20260526121809.469
020 |a 968-452-096-4 
037 |a Acervo ITESO - Biblioteca 
041 |a ESP 
082 |a 972. 023  |b ESQ 
100 |a Esquivel Obregón, Toribio  |e (autor) 
240 1 1 |a [Hernán Cortés y el derecho internacional en el siglo XVI] 
245 1 0 |a Hernán Cortés y el derecho internacional en el siglo XVI /  |c T. Esquivel Obregón ; presen. de S. Zavala. 
250 |a 2a edición 
264 4 |a México :  |b Porrúa,  |c 1985, c1985 
300 |a XIII, 157 p. 
336 |a texto  |b txt  |2 rdacontenido 
337 |a sin mediación  |b n  |2 rdamedio 
338 |a volumen  |b nc  |2 rdasoporte 
649 |a XX 
650 |a Conquistadores Españoles 
650 |a Políticos Españoles 
650 |a Militares Españoles 
650 |a Exploradores y Viajeros Españoles 
650 |a Derecho Internacional -  |z México -  |x Historia -  |y Descubrimiento y Conquista, 1517-1521 
650 |a Derecho Internacional -  |z México -  |x Historia -  |y Epoca Colonial, 1517-1821 
650 |a México -  |x Historia -  |y Descubrimiento y Conquista, 1517-1521 
650 |a México -  |x Historia -  |y Siglo XVI 
650 |a México -  |x Historia -  |y Epoca Colonial, 1517-1821 
650 |a Cortés, Hernán 
740 0 |a Hernán Cortés ante la justificación de su conquista /  |c S. Zavala. 
700 |a Zavala, Silvio  |e (autor) 
910 |a Fondo Jesús Rodríguez 
920 |a Impresos - Libros 
930 |a Fondos Especiales 
905 |a 113 
901 |a 0500031704  |b IT2  |c ESP  |u 20250521 
902 |a https://opac.biblio.iteso.mx/vufind/Record/000097078